00300 2200133 4500001002100000005001500021035002000036245004200056300000800098260002800106082000800134084001200142990001200154INLIS00000000000223320250527015923 a0010-0525000525 aJadi Penyiar Radio /cSiaful Bakhtiar a124 bIndonesia Cerdas,c2006 a600 a600 JAD a0713267